01007nam a22003017a 450000100060000000300090000600500170001500700060003200800290003802000150006704000220008208200160010410000310012024501040015126000300025530000230028549000410030865000210034970000270037070000310039783000410042883000250046994200120049494500380050695201060054495600400065099900150069086538DO-SdBNP20180122131846.086538120403s1999 sp n spa  a8481301876 aBPMSUbspacBPMSU 2823.8aB78c1 aBrontë, Emilyd1818-184810aCumbres borrascosas /cEmely Brontë ; prólogo Paula Izquierdo ; traducción María Rosa Lida  aMadrid : bMileniumc1999 a315 p. : c22 cm.  aMilenium. Las 100 joyas del Milenium 7aNOVELAS INGLESAS aLida, María Rosaetr aIzquierdo, Paulaepról.  aMilenium. Las 100 joyas del Milenium aBiblioteca El mundo  2ddccBK aInventariado extranjero / 2018 VM 00102ddc40708CGaBPMETbBPMETd2015-11-05eFUNDIl0o pBPMSU15110073r2015-11-05w2015-11-05yBK aVMATEO2103201511056BPM SU800151 c8560d8560